|
|
|
|
| LEADER |
00000nab a2200000 a 4500 |
| 001 |
vtls008415216 |
| 003 |
SK-MaSNL |
| 005 |
20260303070242.0 |
| 008 |
040806c2005 xo 0 slo |
| 015 |
|
|
|a SNBCL2005/5
|
| 035 |
|
|
|a SLK033571
|
| 040 |
|
|
|a SLKCL
|b slo
|c SNKBUCL
|e AACR2
|
| 041 |
1 |
|
|a slo
|b eng
|b slo
|
| 044 |
|
|
|a xo
|c SK
|
| 080 |
|
|
|a 615.478.74:616.98
|2 1981
|
| 100 |
1 |
|
|a Majtán, Viktor,
|d 1944-
|4 aut
|9 201905
|
| 245 |
1 |
0 |
|a Aktivita komerčne vyrábaných dezinfektantov voči Stenotrophomonas maltophilia in vitro
|c V. Majtán, Ľ. Majtánová
|
| 246 |
1 |
0 |
|a In vitro activity of commercially available disinfectants against Stenotrophomonas maltophilia
|
| 246 |
1 |
1 |
|a In vitro activity of commercially available disinfectants against Stenotrophomonas maltophilia
|
| 300 |
|
|
|b Obr., tab.
|
| 504 |
|
|
|a Res. angl., slov.
|
| 504 |
|
|
|a Bibliogr. odkazy
|
| 650 |
0 |
7 |
|a Stenotrophomonas maltophilia
|2 MESH
|9 1067438
|
| 650 |
0 |
7 |
|a testovanie materiálov
|2 MESH
|9 1067439
|
| 650 |
0 |
7 |
|a in vitro
|2 MESH
|9 473492
|
| 700 |
1 |
|
|a Majtánová, Ľubica
|4 aut
|u SZU, Ústav preventívnej a klinickej medicíny, Bratislava
|9 764203
|
| 773 |
0 |
|
|w SERIAL_GENERAL*000085*2005*005*002
|x 1210-7913
|t Epidemiologie, mikrobiologie, imunologie
|g Roč. 54, č. 2 (2005), s. 78-83
|
| 850 |
|
|
|a Slovenská lekárska knižnica v Bratislave
|a BA006
|
| 852 |
|
|
|a BA006
|b KIS3GCP
|b 000500000
|
| 999 |
|
|
|c 1754533
|d 1756463
|